|
|
|
|
| LEADER |
00000naa2a2200000 4500 |
| 001 |
625687 |
| 005 |
20241125162727.0 |
| 035 |
|
|
|a (RuTPU)RU\TPU\conf\24947
|
| 035 |
|
|
|a RU\TPU\conf\24700
|
| 090 |
|
|
|a 625687
|
| 100 |
|
|
|a 20171218d2017 k y0rusy50 ca
|
| 101 |
0 |
|
|a rus
|
| 102 |
|
|
|a RU
|
| 105 |
|
|
|a y z 101zy
|
| 135 |
|
|
|a drgn ---uucaa
|
| 181 |
|
0 |
|a i
|
| 182 |
|
0 |
|a b
|
| 200 |
1 |
|
|a Выбор метода реагирования для функционирования защиты от замыканий на землю в компенсированных сетях с учетом влияния угловых погрешностей трансформаторов тока
|f В. В. Гречушников
|g науч. рук. Р. А. Вайнштейн
|
| 203 |
|
|
|a Текст
|c электронный
|
| 225 |
1 |
|
|a Релейная защита, автоматика, электрооборудование электроэнергетических систем
|
| 300 |
|
|
|a Заглавие с титульного экрана
|
| 320 |
|
|
|a [Библиогр.: с. 6 (5 назв.)]
|
| 461 |
|
1 |
|0 (RuTPU)RU\TPU\conf\24578
|t Интеллектуальные энергосистемы
|o труды V Международного молодёжного форума, 9-13 октября 2017 г., г. Томск
|o в 3 т.
|f Национальный исследовательский Томский политехнический университет (ТПУ), Энергетический институт (ЭНИН)
|d 2017
|
| 463 |
|
1 |
|0 (RuTPU)RU\TPU\conf\24584
|t Т. 3
|v [С. 3-6]
|d 2017
|
| 610 |
1 |
|
|a электронный ресурс
|
| 610 |
1 |
|
|a труды учёных ТПУ
|
| 610 |
1 |
|
|a реагирование
|
| 610 |
1 |
|
|a функционирование
|
| 610 |
1 |
|
|a защита от замыканий
|
| 610 |
1 |
|
|a замыкания на землю
|
| 610 |
1 |
|
|a компенсированные сети
|
| 610 |
1 |
|
|a погрешности
|
| 610 |
1 |
|
|a трансформаторы тока
|
| 700 |
|
1 |
|a Гречушников
|b В. В.
|c специалист в области электроэнергетики
|c старший преподаватель Томского политехнического университета
|f 1991-
|g Владислав Викторович
|y Томск
|3 (RuTPU)RU\TPU\pers\37218
|9 20196
|
| 702 |
|
1 |
|a Вайнштейн
|b Р. А.
|c специалист в области электроэнергетики
|c профессор Томского политехнического университета, доктор технических наук
|f 1937-
|g Роберт Александрович
|4 727
|
| 712 |
0 |
2 |
|a Национальный исследовательский Томский политехнический университет (ТПУ)
|b Энергетический институт (ЭНИН)
|b Кафедра электроэнергетических систем (ЭЭС)
|3 (RuTPU)RU\TPU\col\18675
|
| 801 |
|
2 |
|a RU
|b 63413507
|c 20180119
|g RCR
|
| 856 |
4 |
|
|u http://earchive.tpu.ru/handle/11683/45900
|
| 942 |
|
|
|c BK
|